000 02465nam0a2200361 4500
001 RU\NLR\BIBL_A\022770760
005 20260607091801.0
010 _a978-5-8311-1641-0
_9300
021 _aRU
_bКН-П-26-007523
_9КН-П-26-0728
035 _a(NLR Aleph) 022770760
090 _a13719990
_c13719990
100 _a20260331d2025 k y0rusy50 ca
101 0 _arus
_deng
102 _aRU
105 _aa z 100yy
181 0 _ai3
_baxxe
182 0 _an
200 1 _aМолодежь и будущее: профессиональная и личностная самореализация
_eматериалы XIV Международной научно-практической конференции, 27-28 марта 2025 года, г. Владимир
_fМинистерство науки и высшего образования Российской Федерации, Федеральное государственное бюджетное образовательное учреждение высшего образования "Владимирский государственный университет имени Александра Григорьевича и Николая Григорьевича Столетовых"
_gпод общей редакцией кандидата психологических наук, доцента Е. В. Прониной
203 _aТекст
_bвизуальный
_cнепосредственный
210 _aВладимир
_cТранзит-Икс
_d2025
215 _a223, [1] с.
_cил., цв. ил., табл.
_d20
300 _aРез. англ.
320 _aБиблиогр. в конце ст.
606 1 _aПсихология
_jСъезды, совещания и т.п
_2nlr_sh1
_2nlr_sh2
_3RU\NLR\AUTH\6624683
686 1 _aЮ9я431
702 1 _aПронина
_bЕ. В.
_4340
711 1 2 _a"Молодежь и будущее: профессиональная и личностная самореализация", международная научно-практическая конференция
_d14
_f2025
_eВладимир
_3RU\NLR\AUTH\880641224
712 0 2 _aВладимирский государственный университет им. А. Г. и Н. Г. Столетовых
_3RU\NLR\AUTH\889970406
_4570
942 _cBOOK
980 _aNB